Principles and practice of heterogeneous catalysis /

Guardado en:
Autor Principal: Thomas, J. M.
Otros Autores: Thomas, W. J.
Formato: Libro
Idioma:English
Publicado: Weinheim : VCH, c1997.
Materias:
Acceso en línea:Biografía del autor
Descripción
Tabla de contenido
Etiquetas: Agregar Etiqueta
Sin Etiquetas, Sea el primero en etiquetar este registro!
LEADER 01084cam a22002655a 4500
001 EIQ.libpla003538
008 960904s1996####gw#a#####b####001#0#eng#d
005 20080211185032.0
245 1 0 |a Principles and practice of heterogeneous catalysis /  |c J.M. Thomas, W.J. Thomas. 
260 |a Weinheim :  |b VCH,  |c c1997. 
300 |a xxiii, 669 p. :  |b il. (algunas col.) ;  |c 25 cm. 
504 |a Incluye referencias bibliográficas e índice. 
020 |a 3527292888 (hardcover) 
020 |a 352729239X (softcover) 
100 1 |a Thomas, J. M.  |q (John Meurig) 
700 1 |a Thomas, W. J. 
082 0 0 |a 541.3/95  |2 20 
650 4 |a Catálisis  |x Catálisis heterogénea. 
650 4 |a Catalysis  |x Heterogeneous catalysis. 
010 |a  96018014  
040 |a DLC  |c DLC  |d AR-BbSID 
856 4 2 |3 Biografía del autor  |u http://www.loc.gov/catdir/bios/wiley044/96018014.html 
856 4 2 |3 Descripción  |u http://www.loc.gov/catdir/description/wiley037/96018014.html 
856 4 1 |3 Tabla de contenido  |u http://www.loc.gov/catdir/toc/wiley022/96018014.html 
859 |a AR-BbSID  |b BIB. PLAPIQUI  |h 541.395  |i T 364  |p 5714